000 00761nam a22002177a 4500
003 UA-OsUOA
001 120624
007 ta
008 20170208b un ||||| |||| 00| 0 ukr d
100 _aМироненко М.Ю.
090 _a330(477)
_bМ64
942 _cSA
040 _aUA-OsUOA
_bukr
_cUA-OsUOA
_dUA-OsUOA
245 _aФормування стратегії соціально-економічного розвитку регіонів в умовах адміністративно-територіальної реформи
300 _aС.4-9
955 _a0
041 _aukr
080 _a330(477)
773 0 _w120623
_tЕкономіка. Фінанси. Право.
_dК.
_d2016
_g12
650 7 _a330 Економіка взагалі
_2UDC
999 _c406866
_d406866